000
00341nam a2200157Ia 4500
003
OSt
008
191201s2008 xx 000 0 und d
082
_a
658.409
_b
REL
100
_a
REDDY, Sumati
245
0
_a
Leadership Development
250
_a
1st
260
_a
Hyderabad
_b
IUP
_c
2008
300
_a
236
650
_a
MBA
942
_2
ddc
_c
BK
999
_c
4742
_d
4742